Chemicals from petroleum : An introductory survey
Gardado en:
| Autor Principal: | |
|---|---|
| Formato: | Libro |
| Idioma: | Undetermined |
| Publicado: |
London
John Murray
1978
|
| Những chủ đề: | |
| Các nhãn: |
Engadir etiqueta
Sen Etiquetas, Sexa o primeiro en etiquetar este rexistro!
|
| Thư viện lưu trữ: | Trung tâm Học liệu Trường Đại học Cần Thơ |
|---|
| LEADER | 00519nam a2200193Ia 4500 | ||
|---|---|---|---|
| 001 | CTU_84453 | ||
| 008 | 210402s9999 xx 000 0 und d | ||
| 082 | |a 661 | ||
| 082 | |b W116 | ||
| 100 | |a Waddams, A. Lawrence | ||
| 245 | 0 | |a Chemicals from petroleum : | |
| 245 | 3 | |b An introductory survey | |
| 245 | 0 | |c A. Lawrence Waddams | |
| 260 | |a London | ||
| 260 | |b John Murray | ||
| 260 | |c 1978 | ||
| 650 | |a Petroleum chemicals | ||
| 904 | |i QHieu(sửa) | ||
| 980 | |a Trung tâm Học liệu Trường Đại học Cần Thơ | ||